Cargando...

Atom, laser and spectroscopy/

Detalles Bibliográficos
Autor principal: Thakur, S N
Otros Autores: Rai, D K
Formato: Printed Book
Publicado: New Delhi: PHI Learning Private Limited, 2010
Materias:
LEADER 008230000a22002050004500
020 |a 9788120339569 
082 |a 539.7   |b Q0 
100 |a Thakur, S N  |9 2844 
245 |a Atom, laser and spectroscopy/  |c S N Thakur and D K Rai 
260 |a New Delhi:  |b PHI Learning Private Limited,  |c 2010 
300 |a 359p 
504 |a Includes bibliographical references and index 
650 |a Atoms  |9 2845 
650 |a Lasers  |9 2622 
650 |a Spectrum analysis  |9 2846 
700 |a Rai, D K  |9 2847 
942 |c BK 
999 |c 48699  |d 48699 
952 |0 0  |1 0  |4 0  |6 539_700000000000000_Q0  |7 0  |9 49431  |a MGUL  |b MGUL  |d 2013-07-16  |e Rs.350.00  |l 2  |o 539.7 Q0  |p 46865  |r 2019-12-19  |s 2019-12-04  |w 2013-07-16  |y BK 
952 |0 0  |1 0  |4 0  |6 539_700000000000000_Q01  |7 0  |9 51605  |a MGUL  |b MGUL  |d 2013-07-16  |e Rs.350.00  |l 4  |m 1  |o 539.7 Q0;1  |p 48927  |r 2019-12-17  |s 2019-09-04  |w 2013-07-16  |y BK